000 00754nam a2200241 i 4500
001 130277
003 ES-MaACL
005 20250824205546.0
007 t|
008 070725s1967 sp |||| | spa d
100 1 _aZagoria, Donald S.
_9117840
245 1 3 _aEl conflicto chino-soviético /
_cDonald S. Zagoria ; [traducción de J. Ferrer Aleu].
260 _aBarcelona :
_bG. P.,
_c[1967]
300 _a512 p. ;
_c18 cm.
490 1 _aLibro documento
650 1 4 _aComunismo-
_vHistoria
_911222
651 4 _aChina-
_xRelaciones-
_zRusia.
_9153673
651 4 _aRusia-
_xRelaciones-
_zChina.
_9153674
700 1 _aFerrer Aleu, J.
_950442
830 0 0 _aLibro documento
_9183682
852 _aES-MaACL
_jG-15944
999 _c130277
_d130277